| 000 | 01055nam a22002537a 4500 | ||
|---|---|---|---|
| 005 | 20170124102948.0 | ||
| 010 | _aA-927112 | ||
| 020 |
_c150.00 _a8171193676 |
||
| 035 | _aA-927112 | ||
| 037 | _bCen Lib/Ret | ||
| 040 |
_aDPL _bHN |
||
| 082 |
_a821.08 _bचक्रध |
||
| 100 |
_aचक्रधर, अशोक _950817 |
||
| 245 |
_aमुक्तिबोश की समीक्षाई / _cअशोक चक्रधर |
||
| 246 |
_aukibodh ki samikshayi / _bby Ashok Chakrdhar |
||
| 260 |
_bराधाकृष्ण प्रकाशन _aनयी दिल्ली _c1998 |
||
| 270 |
_bनयी दिल्ली _a2/३८, अंसारी मार्ग, दरयागंज _e110002 |
||
| 300 |
_a176पृ. _c20सेमी(सजिल्द ) |
||
| 650 |
_aहिंदी साहित्य _x _z _950818 |
||
| 650 |
_aहिंदी कविता _950819 |
||
| 650 |
_aHindi literature _950820 |
||
| 650 |
_aHindi poetry _950821 |
||
| 942 |
_2ddc _cHN _h821.08 _mचक्रध |
||
| 999 |
_c113140 _d113140 |
||